000
00273nam a2200133Ia 4500
100
_a
Anand/K.K
942
_c
BK
654
_a
Quality Management
245
_a
Quality Management
260
_b
Vikas pub.
_a
Delhi
_c
1990
300
_a
290
546
_a
ENGLISH
999
_c
32080
_d
32080